Guatemala: un nuevo golpe de estado /

Guardado en:
Bibliografiske detaljer
Hovedforfatter: Aguilera, Gabriel
Format: Texto
Fag:
Tags: Tilføj Tag
Ingen Tags, Vær først til at tagge denne postø!

MARC

LEADER 00000 a a2200000 04500
001 1564
003
040
100 |a Aguilera, Gabriel  
245 |a Guatemala:   |b un nuevo golpe de estado /  |c Gabriel Aguilera 
650 |a GOLPES DE ESTADO  
650 |a MILITARISMO  
650 |a CLASE DIRIGENTE  
650 |a DEMOCRACIA  
650 |a GUATEMALA  
773 |g número 16; páginas 53-55  
999 |c 39442  |d 39442